Recueil Général De La Legislation Et Des Traités Concernant La Propriété Industrielle : (Record no. 63516)
[ view plain ]
| 000 -LEADER | |
|---|---|
| fixed length control field | 01687nam a2200313 i 4500 |
| 003 - CONTROL NUMBER IDENTIFIER | |
| control field | EG-GICUC |
| 005 - DATE AND TIME OF LATEST TRANSACTION | |
| control field | 20260218093945.0 |
| 008 - FIXED-LENGTH DATA ELEMENTS--GENERAL INFORMATION | |
| fixed length control field | 260218s1909 nz ||||fr|||| 000 0 fre d |
| 040 ## - CATALOGING SOURCE | |
| Original cataloging agency | EG-GiCUC |
| Language of cataloging | fre |
| Transcribing agency | EG-GiCUC |
| Modifying agency | EG-GiCUC |
| Description conventions | Rda |
| 041 #0 - LANGUAGE CODE | |
| Language code of text/sound track or separate title | fre |
| 082 04 - DEWEY DECIMAL CLASSIFICATION NUMBER | |
| Edition number | 21 |
| Classification number | 341.78 |
| Item number | RE |
| 092 04 - LOCALLY ASSIGNED DEWEY CALL NUMBER (OCLC) | |
| Edition number | 21 |
| 099 ## - LOCAL FREE-TEXT CALL NUMBER (OCLC) | |
| Classification number | Law1 11 341.78 RE 1909 |
| 100 1# - MAIN ENTRY--PERSONAL NAME | |
| Personal name | Niboyet J.-p |
| Relator term | Auteur |
| 245 10 - TITLE STATEMENT | |
| Title | Recueil Général De La Legislation Et Des Traités Concernant La Propriété Industrielle : |
| Remainder of title | Braveza D'investien Dessins Et Modèles De Fabrique. Marques De Fabrique Et De Roumetree. Nom Commercial, Fausses Indications De Provenance. Currence Daloyals. Usurpation De Récompenses Industrielles. |
| Number of part/section of a work | Tome Cinquième |
| Name of part/section of a work | (Ier Du Supplement)<br/>Allemagne.<br/>Autriche.<br/>Europe:<br/>Et Samos<br/>(Les De).<br/>Belgique.<br/>Bulgarie.- Crête<br/>Finlande.<br/>France.<br/>Danemark. -<br/>Espagne.<br/>Hongrie.<br/>Islande. Italie.<br/>Grande-bretagne.<br/>Pаун-<br/>Bas. - Portugal.<br/>Man (Ile De). - Norvège.<br/>Russie. - Serbie.<br/>Suède. Suisse. |
| 264 #1 - PRODUCTION, PUBLICATION, DISTRIBUTION, MANUFACTURE, AND COPYRIGHT NOTICE | |
| Place of production, publication, distribution, manufacture | Berne : |
| Name of producer, publisher, distributor, manufacturer | Bureau International De La Propriété Industrielle, |
| Date of production, publication, distribution, manufacture, or copyright notice | 1909. |
| 300 ## - PHYSICAL DESCRIPTION | |
| Extent | 791 page, |
| Dimensions | 24 cm. |
| Other physical details | illustration ; |
| 336 ## - CONTENT TYPE | |
| Source | rda contenu |
| Content type term | texte |
| 337 ## - MEDIA TYPE | |
| Source | rda medias |
| Media type term | Ordinateur |
| 338 ## - CARRIER TYPE | |
| Source | transporteur rda |
| Carrier type term | Ressource en ligne |
| 500 ## - GENERAL NOTE | |
| General note | Publie Par<br/>Le Bureau International De<br/>L'union Pour La Protection De La Propriété Industrielle<br/>Avec Le Concours De Jurisconsultes De Divers Pays |
| 504 ## - BIBLIOGRAPHY, ETC. NOTE | |
| Bibliography, etc. note | Comprend des références bibliographiques.<br/><br/> |
| 546 ## - LANGUAGE NOTE | |
| Language note | Texte en français |
| 650 14 - SUBJECT ADDED ENTRY--TOPICAL TERM | |
| Topical term or geographic name entry element | Droit international public |
| Source of heading or term | |
| 651 1# - SUBJECT ADDED ENTRY--GEOGRAPHIC NAME | |
| Source of heading or term | |
| 856 40 - ELECTRONIC LOCATION AND ACCESS | |
| Uniform Resource Identifier | <a href="https://fll.law.cu.edu.eg/fulltext/bks/B11-07552.pdf">https://fll.law.cu.edu.eg/fulltext/bks/B11-07552.pdf</a> |
| 905 ## - Cataloger and Reviser Names | |
| Cataloger Name: | Basma Mohamed |
| 942 ## - ADDED ENTRY ELEMENTS (KOHA) | |
| Source of classification or shelving scheme | Dewey Decimal Classification |
| Koha item type | Books |
| Edition | 21 |
| Suppress in OPAC | No |
| Withdrawn status | Lost status | Source of classification or shelving scheme | Damaged status | Not for loan | Collection | Home library | Current library | Date acquired | Total checkouts | Full call number | Barcode | Date last seen | Copy number | Price effective from | Koha item type |
|---|---|---|---|---|---|---|---|---|---|---|---|---|---|---|---|
| Dewey Decimal Classification | Not for loan | القانون الدولي العام | جــــامعة القــاهرة | مكتبة كلية الحقوق - المبنى الرئيسي | 18.02.2026 | Law1 11 341.78 RE 1909 1107552 V5, C1 | B11-07552 | 18.02.2026 | 1 | 18.02.2026 | Books |